Statystyki dla Wszyscy piłkarze powołani do reprezentacji Polski (2010-2022)

Kliknij tutaj aby rozwiązać quiz!

Ogólne statystyki

  • Ten quiz został rozwiązany 492 razy
  • Średni wynik to 58 z 179

Statystyki odpowiedzi

SelekcjonerLata gryWystępyPiłkarz% Poprawnych
Franciszek Smuda2008-obecnie132Robert Lewandowski
98%
Waldemar Fornalik2002-201366Mariusz Lewandowski
92%
Franciszek Smuda2009-obecnie64Wojciech Szczęsny
91%
Franciszek Smuda2010-obecnie96Kamil Glik
87%
Waldemar Fornalik2012-obecnie62Arkadiusz Milik
83%
Franciszek Smuda2006-202157Łukasz Fabiański
83%
Franciszek Smuda2006-2019108Jakub Błaszczykowski
82%
Franciszek Smuda2008-obecnie91Grzegorz Krychowiak
81%
Waldemar Fornalik2013-obecnie72Piotr Zielinski
78%
Paulo Sousa2021-obecnie7Matty Cash
76%
Franciszek Smuda2007-201966Łukasz Piszczek
75%
Adam Nawałka2007-201938Michał Pazdan
75%
Franciszek Smuda2008-obecnie86Kamil Grosicki
74%
Adam Nawałka2017-obecnie42Jan Bednarek
73%
Jerzy Brzęczek2018-obecnie23Krzysztof Piątek
72%
Waldemar Fornalik2013-obecnie43Bartosz Bereszyński
66%
Jerzy Brzęczek2018-obecnie8Damian Szymański
65%
Waldemar Fornalik2012-obecnie7Łukasz Skorupski
65%
Jerzy Brzęczek2019-obecnie15Sebastian Szymański
65%
Paulo Sousa2021-obecnie16Karol Świderski
63%
Paulo Sousa2021-obecnie3Jakub Kamiński
62%
Paulo Sousa2021-obecnie5Nicola Zalewski
62%
Franciszek Smuda2004-201765Artur Boruc
61%
Franciszek Smuda2011-obecnie7Marcin Kamiński
61%
Franciszek Smuda2010-201940Artur Jędrzejczyk
60%
Jerzy Brzęczek2020-obecnie2Bartłomiej Drągowski
60%
Adam Nawałka2018-obecnie24Przemysław Frankowski
59%
Adam Nawałka2014-obecnie41Karol Linetty
57%
Franciszek Smuda2009-obecnie66Maciej Rybus
57%
Jerzy Brzęczek2018-obecnie9Adam Buksa
56%
Waldemar Fornalik1998-201360Jerzy Dudek
56%
Paulo Sousa2021-obecnie1Kamil Grabara
56%
Jerzy Brzęczek2020-obecnie20Jakub Moder
55%
Czesław Michniewicz2022-obecnie2Jakub Kiwior
53%
Franciszek Smuda2008-201844Sławomir Peszko
53%
Adam Nawałka2013-201831Krzysztof Mączyński
51%
Franciszek Smuda2011-obecnie40Mateusz Klich
51%
Paulo Sousa2021-obecnie12Tymoteusz Puchacz
51%
Franciszek Smuda2010-201614Przemysław Tytoń
50%
Adam Nawałka2018-20217Dawid Kownacki
49%
Franciszek Smuda2009-201434
Ludovic Obraniak
49%
Franciszek Smuda2002-201047Euzebiusz Smolarek
49%
Franciszek Smuda2006-201649Jakub Wawrzyniak
49%
Adam Nawałka2014-201921Thiago Cionek
49%
Jerzy Brzęczek2019-obecnie22Kamil Jóźwiak
48%
Waldemar Fornalik2012-20143Łukasz Broź
47%
Adam Nawałka2015-obecnie26Tomasz Kędziora
47%
Franciszek Smuda2003-201538Sebastian Mila
46%
Jerzy Brzęczek2018-obecnie15Arkadiusz Reca
45%
Adam Nawałka2015-obecnie14Bartosz Kapustka
45%
Franciszek Smuda2005-201438Paweł Brożek
45%
Franciszek Smuda2008-20105Piotr Brożek
44%
Jerzy Brzęczek2019-obecnie5Krystian Bielik
43%
Waldemar Fornalik2013-201819Łukasz Teodorczyk
43%
Franciszek Smuda2008-201649Tomasz Jodłowiec
43%
Adam Nawałka2016-obecnie21Jacek Góralski
42%
Franciszek Smuda2010-201341Adrian Mierzejewski
41%
Franciszek Smuda2006-201248Rafał Murawski
41%
Paulo Sousa2021-obecnie6Kacper Kozłowski
40%
Franciszek Smuda20105Łukasz Mierzejewski
40%
Waldemar Fornalik2013-obecnie10Bartosz Salamon
39%
Franciszek Smuda2011-201314Damien Perquis
39%
Franciszek Smuda2002-201360Marcin Wasilewski
39%
Franciszek Smuda1999-2011102Michał Żewłakow
39%
Franciszek Smuda2011-201419Eugen Polanski
38%
Franciszek Smuda2010-201314Sebastian Boenisch
38%
Adam Nawałka2014-obecnie8Paweł Dawidowicz
37%
Jerzy Brzęczek2019-obecnie3Robert Gumny
37%
Adam Nawałka2018-obecnie5Szymon Żurkowski
37%
Adam Nawałka20181Bartosz Białkowski
36%
Waldemar Fornalik2013-201517Łukasz Szukała
36%
Czesław Michniewicz2022-obecnie1Mateusz Wieteska
36%
Waldemar Fornalik2013-20174Mariusz Stępiński
34%
Waldemar Fornalik2012-201711Paweł Wszołek
34%
Jerzy Brzęczek2019-obecnie1Radosław Majecki
34%
Franciszek Smuda2008-20138Dawid Nowak
33%
Jerzy Brzęczek20190Rafał Gikiewicz
33%
Franciszek Smuda20103Tomasz Nowak
33%
Jerzy Brzęczek2018-20206Damian Kądzior
32%
Franciszek Smuda2003-201230Ireneusz Jeleń
32%
Adam Nawałka20181Taras Romanczuk
32%
Franciszek Smuda2004-201265Dariusz Dudka
31%
Franciszek Smuda2008-20138Marcin Kowalczyk
31%
Paulo Sousa2021-obecnie7Michał Helik
31%
Adam Nawałka2017-20187Rafał Kurzawa
31%
Paulo Sousa20210Sebastian Kowalczyk
31%
Jerzy Brzęczek2020-obecnie3Michał Karbownik
30%
Franciszek Smuda2011-201418Waldemar Sobota
30%
Franciszek Smuda2010-201513Artur Sobiech
29%
Adam Nawałka2017-20216Jakub Świerczok
29%
Paulo Sousa2021-obecnie3Kamil Piątkowski
29%
Jerzy Brzęczek2020-obecnie7Przemysław Płacheta
29%
Franciszek Smuda2003-201311Tomasz Kuszczak
29%
Franciszek Smuda2011-20159Michał Kucharczyk
28%
Franciszek Smuda2007-20139Radosław Majewski
28%
Franciszek Smuda2012-20177Rafał Wolski
27%
Franciszek Smuda2008-201126Roger Guerreiro
27%
Jerzy Brzęczek2020-obecnie3Sebastian Walukiewicz
27%
Paulo Sousa2021-obecnie1Bartosz Slisz
26%
Adam Nawałka2014-20164Filip Starzyński
26%
Franciszek Smuda2010-20113Grzegorz Sandomierski
25%
Paulo Sousa20211Rafał Augustyniak
25%
Waldemar Fornalik2012-20193Dominik Furman
24%
Franciszek Smuda2008-20149Jakub Rzeźniczak
24%
Waldemar Fornalik2012-20135Jakub Kosecki
23%
Adam Nawałka2015-20173Kamil Wilczek
23%
Czesław Michniewicz2022-obecnie0Patryk Kun
23%
Adam Nawałka2013-201813Paweł Olkowski
23%
Franciszek Smuda2007-201417Szymon Pawłowski
23%
Franciszek Smuda2002-201129Arkadiusz Głowacki
22%
Jerzy Brzęczek2020-obecnie2Paweł Bochniewicz
22%
Franciszek Smuda2010-20128Janusz Gol
21%
Franciszek Smuda2010-201321Adam Matuszczyk
20%
Jerzy Brzęczek20201Alan Czerwiński
20%
Adam Nawałka20144Michał Żyro
20%
Adam Nawałka20161Damian Dąbrowski
19%
Franciszek Smuda2008-201424Grzegorz Wojtkowiak
19%
Adam Nawałka20175Maciej Makuszewski
18%
Waldemar Fornalik1996-201235Marek Saganowski
18%
Franciszek Smuda2010-20147Tomasz Brzyski
18%
Czesław Michniewicz2022-obecnie0Kamil Pestka
17%
Franciszek Smuda2008-201310Piotr Celeban
17%
Franciszek Smuda2010-201612Ariel Borysiuk
16%
Franciszek Smuda2009-201115Maciej Sadlok
16%
Franciszek Smuda2009-20118Patryk Małecki
16%
Adam Nawałka20141Rafał Leszczyński
16%
Franciszek Smuda2011-20124Arkadiusz Piech
15%
Adam Nawałka20142Igor Lewczuk
15%
Franciszek Smuda2008-201513Marcin Komorowski
15%
Franciszek Smuda2002-201019Andrzej Niedzielan
14%
Paulo Sousa20210Karol Niemczycki
14%
Franciszek Smuda2008-20127Łukasz Trałka
14%
Franciszek Smuda2010-201410Marcin Robak
14%
Adam Nawałka20141Wojciech Golla
14%
Franciszek Smuda2010-20112Cezary Wilk
12%
Franciszek Smuda2009-20113Jakub Wilk
12%
Czesław Michniewicz2022-obecnie0Konrad Michalak
12%
Franciszek Smuda2006-20104Mariusz Pawełek
12%
Jerzy Brzęczek2018-20203Rafał Pietrzak
12%
Franciszek Smuda2010-20134Tomasz Kupisz
12%
Waldemar Fornalik2012-20135Daniel Łukasik
11%
Franciszek Smuda20102Jacek Kiełb
11%
Adam Nawałka20172Jarosław Jach
11%
Adam Nawałka2006-201411Adam Kokoszka
10%
Adam Nawałka20132Adam Marciniak
10%
Franciszek Smuda2006-201010Maciej Iwański
10%
Franciszek Smuda20111Maciej Jankowski
10%
Adam Nawałka20131Rafał Kosznik
10%
Adam Nawałka2003-20145Łukasz Madej
9%
Adam Nawałka20143Michał Masłowski
9%
Waldemar Fornalik2005-201312Przemysław Kaźmierczak
9%
Waldemar Fornalik2008-20122Adam Danch
8%
Adam Nawałka2014-20150Maciej Gajos
8%
Adam Nawałka20142Mateusz Zachara
8%
Adam Nawałka20141Michał Miśkiewicz
8%
Adam Nawałka20131Piotr Ćwielong
8%
Franciszek Smuda2010-20143Dawid Plizga
7%
Franciszek Smuda2010-20114Hubert Wołąkiewicz
7%
Waldemar Fornalik20131Jakub Słowik
7%
Franciszek Smuda2010-20112Marcin Kikut
7%
Franciszek Smuda20102Mateusz Cetnarski
7%
Franciszek Smuda2005-20109Sebastian Przyrowski
7%
Franciszek Smuda20111Arkadiusz Woźniak
6%
Jerzy Brzęczek20180Hubert Matynia
6%
Adam Nawałka20144Maciej Wilusz
6%
Adam Nawałka2014-20150Rafał Janicki
6%
Jerzy Brzęczek20180Adam Dźwigała
5%
Franciszek Smuda20102Jakub Tosik
5%
Franciszek Smuda20111Michał Gliwa
5%
Franciszek Smuda20111Sebastian Małkowski
5%
Franciszek Smuda2008-20107Tomasz Bandrowski
5%
Franciszek Smuda2011-20140Wojciech Kaczmarek
5%
Adam Nawałka20150Patryk Tuszyński
4%
Waldemar Fornalik20121Bartosz Rymaniak
3%
Franciszek Smuda20102Dariusz Pietrasiak
3%
Adam Nawałka20140Dariusz Trela
3%
Franciszek Smuda20111Filip Modelski
3%
Adam Nawałka20130Tomasz Hołota
3%
Adam Nawałka20140Radosław Janukiewicz
2%

Rozkład punktacji

Percentyl według liczby udzielonych odpowiedzi

Procent ludzi z każdym wynikiem

Twoja historia wyników

Nie rozwiązałeś tego quizu